| Tag |
First Indicator |
Second Indicator |
Subfields |
| LEADER |
00000cam a2200000 a 4500 |
| 001 |
in00002180304 |
| 005 |
20151104062602.0 |
| 008 |
010821s2001 maua b 001 0 eng |
| 010 |
|
|
|a 00133823
|
| 020 |
|
|
|a 0618056181
|
| 029 |
1 |
|
|a NLGGC
|b 220367361
|
| 035 |
|
|
|a (OCoLC)ocm46635972
|
| 040 |
|
|
|a DLC
|c DLC
|d NLGGC
|d TXA
|d UtOrBLW
|
| 043 |
|
|
|a n-us---
|
| 049 |
|
|
|a TXAM
|
| 050 |
0 |
0 |
|a JK276
|b .J36 1998
|
| 082 |
0 |
0 |
|a 320.473
|2 21
|
| 084 |
|
|
|a 89.40
|2 bcl
|
| 100 |
1 |
|
|a Janda, Kenneth.
|
| 245 |
1 |
4 |
|a The challenge of democracy :
|b government in America /
|c Kenneth Janda, Jeffrey M. Berry, Jerry Goldman.
|
| 250 |
|
|
|a Brief ed., 4th ed. /
|b abridged by Kevin W. Hula.
|
| 264 |
|
1 |
|a Boston :
|b Houghton Mifflin,
|c [2001]
|
| 264 |
|
4 |
|c ©2001
|
| 300 |
|
|
|a xxii, 355 pages, [A1]-19 pages, [R1]-27 pages, [I1]-20, C1-2 pages :
|b illustrations (some color) ;
|c 24 cm.
|
| 336 |
|
|
|a text
|b txt
|2 rdacontent
|
| 337 |
|
|
|a unmediated
|b n
|2 rdamedia
|
| 338 |
|
|
|a volume
|b nc
|2 rdacarrier
|
| 504 |
|
|
|a Includes bibliographical references (p. [R1]-27) and index.
|
| 651 |
|
0 |
|a United States
|x Politics and government.
|
| 650 |
|
0 |
|a Democracy
|z United States.
|
| 650 |
1 |
7 |
|a Openbaar bestuur.
|2 gtt
|
| 651 |
|
7 |
|a 7.150.
|2 gtt
|
| 700 |
1 |
|
|a Berry, Jeffrey M.,
|d 1948-
|
| 700 |
1 |
|
|a Goldman, Jerry.
|
| 700 |
1 |
|
|a Hula, Kevin W.
|
| 994 |
|
|
|a C0
|b TXA
|
| 948 |
|
|
|a cataloged
|b h
|c 2006/8/2
|d c
|e lpayne
|f 2:19:45 pm
|
| 999 |
|
|
|a MARS
|
| 999 |
f |
f |
|s 4cbcb68e-3b46-3e88-b319-7e85a56642e1
|i f734dfd0-76f5-36b6-be58-cfd8dfc51175
|t 0
|
| 952 |
f |
f |
|p ric
|a Texas A&M University
|b Rellis Campus
|c Joint Library Facility
|d Remote Storage
|t 0
|e JK276 .J36 1998
|h Library of Congress classification
|i unmediated -- volume
|m A14834623594
|
| 998 |
f |
f |
|a JK276 .J36 1998
|t 0
|l Remote Storage
|